01775cam a2200409 a 4500999001700000001000800017003000400025005001700029008004100046010001700087020002200104035002000126040002200146042001400168050002500182082001600207245022200223246004700445246004700492260009500539300003500634440003400669490001800703490003900721504005100760650003600811650003500847650004100882700002700923710003200950710005600982830003101038830008701069906004501156942003701201952012701238 c25709d257093508785OSt20170201102543.0960220s1996 waua b 101 0 eng d a 95070006  a0819419885 (pbk.) a(OCoLC)34220359 aOWpITcOWpITdDLC alccopycat04aR857.L37bP7414 199600a610/.2822100aProceedings of laser-tissue interaction and tissue optics :b12-13,16 September, 1995, Barcelona, Spain /cHans J. Albrecht ... [et al.], chairs/editors ; sponsored by ELA--the European Laser Association ... [et al.].18aLaser-tissue interaction and tissue optics3 aLaser tissue interaction and tissue optics aBellingham, Wash., USA :bSPIE--the International Society for Optical Engineering,cc1996. axvii, 284 p. :bill. ;c28 cm. 0aProgress in biomedical optics1 aEurOpt series1 aSPIE proceedings series ;vv. 2624 aIncludes bibliographical references and index. 0aLasers in medicinexCongresses. 0aLasers in biologyxCongresses. 0aLasersxTherapeutic usexCongresses.1 aAlbrecht, Hans Jörg.2 aEuropean Laser Association.2 aSociety of Photo-optical Instrumentation Engineers. 0aProceedings EurOpt series. 0aProceedings of SPIE--the International Society for Optical Engineering ;vv. 2624. a7bcbcccopycatd2eopcnf19gy-gencatlg 2lcccBOOKShR 857 .L37P7414 1996 00102lcc4070aMUCbMUCcTECHd2017-02-01eDonation (BFA)l0oR 857 .L37P7414 1996p33507r2018-07-07w2017-02-01yBOOKS